| 000 | 00806nam a2200253Ia 4500 | ||
|---|---|---|---|
| 003 | OSt | ||
| 005 | 20220923211544.0 | ||
| 006 | a|||||r|||| 00| 0 | ||
| 007 | ta | ||
| 008 | Pun | ||
| 020 |
_a9789383654925 (hbk) _c150 |
||
| 024 | _a290,310 | ||
| 037 |
_b1021, 16/03/2016, H.K. Prakashan _cTextual |
||
| 040 |
_aARTS _cARTS _bPun |
||
| 041 |
_2Pun _aPun |
||
| 082 | _aO153,6(w,1)x, Q4 | ||
| 100 | _aਐੱਸ ਤਰਸੇਮ | ||
| 245 | 0 | _aਕੱਚੀ ਮਿੱਟੀ ਪੱਕਾ ਰੰਗ | |
| 260 |
_aੋਸਮਾਣਾ _b ਸੰਗਮ ਪਬਲੀਕੇFਨਗ਼ _c2014 |
||
| 300 |
_a126ਪੰ _ccm. |
||
| 650 | _aਪੰਜਾਬੀ ਸਾਹਿਤ | ||
| 942 |
_hO153,6(w,1)x, Q4 _cTEXL _2CC |
||
| 999 |
_c300727 _d300727 |
||